Fast-growing energy crops grown in conditions of Slovakia in the context of the EU energy police

Guardado en:
Detalles Bibliográficos
Autor principal: Jureková, Zuzana
Formato: Capítulo de libro
Lenguaje:inglés
Materias:
Etiquetas: Agregar Etiqueta
Sin Etiquetas, Sea el primero en etiquetar este registro!

MARC

LEADER 00000naa a2200000 4500
001 0214705
005 20231013070642.1
041 0 |a eng 
044 |a SK 
245 1 0 |a Fast-growing energy crops grown in conditions of Slovakia in the context of the EU energy police  |c Zuzana Jureková ... [et al.] 
610 2 0 |a zdroje energie prírodné 
610 2 0 |a rastliny priemyselné 
610 2 0 |a biomasa 
610 2 0 |a spotreba energie 
610 2 0 |a Slovensko 
610 2 0 |a politika energetická 
610 2 0 |a Európska únia 
100 1 |a Jureková, Zuzana